Identification of two Trichinella species using cloned RAPD markers

Bibliographic Details
Main Authors: Semjenova, S.K (Author), Chrisanfova, G.G (Author), Asatryan, A. M. (Author), Movsessian, S.O (Author), Ryskov, A.P (Author)
Format: Article
Language:Slovak
English
PhysicalDescription:Obr.
ISSN:0440-6605
Subjects:

MARC

LEADER 00000nab a2200000 a 4500
001 vtls000823395
003 SK-MaSNL
005 20260304125920.0
008 250429c2002 xo 0 slo
015 |a SNBRB2003/02-03903 
035 |a CLN000175050 
035 |a urn:nbn:sk:snk-ab33ba 
035 |a (urnnbn)urn:nbn:sk:snk:ar-a05se7 
035 |a (uuid)b9f370ba-1fda-4aee-a23b-ab208b4dad6c 
040 |a SNKBUCL  |b slo  |c SNKBUCL  |e AACR2 
041 0 |a eng 
044 |a xo  |c SK 
080 |a 595.132:575.113  |2 1997 
245 0 0 |a Identification of two Trichinella species using cloned RAPD markers  |c S.K. Semyenova ... [et al.] 
300 |b Obr. 
504 |a Res. angl. 
504 |a Bibliogr. odkazy 
650 0 7 |a Trichinella  |2 snkbucl  |9 1358383 
650 0 7 |a technika náhodnej amplifikovanej polymorfnej DNA  |2 snkbucl  |9 1438532 
650 0 7 |a klonovanie molekulárne  |2 snkbucl  |9 925130 
650 0 7 |a hybridizácia  |2 snkbucl  |9 18167 
650 0 7 |a potkany  |2 snkbucl  |9 19439 
650 0 7 |a RAPD - (random amplified polymorphic DNA technique)  |2 snkbucl  |9 1439685 
655 7 |a články z novín a časopisov  |2 snkbucl  |9 267496 
700 1 |a Semjenova, S.K.  |4 aut  |9 1439686 
700 1 |a Chrisanfova, G.G.  |4 aut  |9 1439687 
700 1 |a Asatryan, A. M.  |4 aut  |9 22752 
700 1 |a Movsessian, S.O.  |4 aut  |9 1153810 
700 1 |a Ryskov, A.P.  |4 aut  |9 1439688 
773 0 |t Helminthologia  |g Roč. 39, č. 3 (2002), s. 121-125  |x 0440-6605 
850 |a Slovenská národná knižnica 
852 |a Slovenská národná knižnica 
958 |a article27 
958 |a NB 
958 |a MI 
958 |a OND 
958 |a EUIPO 
992 |a RBX 
999 |c 2894848  |d 2896778